Every WNBA Team's Last MVP - Statistics

General Stats
  • This quiz has been taken 27 times
  • The average score is 8 of 10
Answer Stats
Team Position Year WNBA Player % Correct
Las Vegas Aces Center 2025 A'ja Wilson
100%
New York Liberty Power forward 2023 Breanna Stewart
96%
Seattle Storm Power forward 2018 Breanna Stewart
96%
Phoenix Mercury Shooting guard 2009 Diana Taurasi
88%
Indiana Fever Small forward 2011 Tamika Catchings
68%
Washington Mystics Small forward 2019 Elena Delle Donne
64%
Chicago Sky Small forward 2015 Elena Delle Donne
64%
Minnesota Lynx Center 2017 Sylvia Fowles
64%
Connecticut Sun Power forward 2021 Jonquel Jones
60%
Los Angeles Sparks Power forward 2016 Nneka Ogwumike
56%
No matching quizzes found
Score Distribution
Percent of People with Each Score
Percentile by Number Answered
Your Score History
You have not taken this quiz